Gaming Quiz

Random Gaming Quiz

Can you name the Mod Warfare 2 weapons Quiz Stats

Quiz not verified by Sporcle

Challenge
Share
Tweet
Embed
Score 0/42 Timer 06:00
0 Plays Today
% Correct
M4A1
72.7%
AK-47
72.7%
Famas
68.2%
Intervention
68.2%
Scar-H
59.1%
Tar 21
59.1%
M16A4
59.1%
ACR
59.1%
UMP45
45.5%
RPD
45.5%
WA2000
45.5%
M9
45.5%
Desert Eagle
45.5%
Barrett. 50cal
40.9%
RPG
40.9%
FAL
36.4%
MP5K
36.4%
Vector
36.4%
M21 EBR
36.4%
Spas 12
36.4%
F2000
31.8%
% Correct
P90
31.8%
Mini-Uzi
31.8%
M1014
31.8%
Model 1887
31.8%
Javelin
31.8%
MG4
27.3%
G18
27.3%
AA 12
27.3%
Ranger
27.3%
USP 45
27.3%
Stinger
27.3%
L86 LSW
22.7%
AUG HBAR
22.7%
PP2000
22.7%
TMP
22.7%
Striker
22.7%
Thumper
22.7%
M240
18.2%
M93 Raffica
18.2%
44. Magnum
13.6%
AT4-HS
9.1%

You're not logged in!

Compare scores with friends on all Sporcle quizzes.
Join for Free
OR
Log In

You Might Also Like...

Show Comments

Extras

Top Quizzes Today


Score Distribution

Your Account Isn't Verified!

In order to create a playlist on Sporcle, you need to verify the email address you used during registration. Go to your Sporcle Settings to finish the process.

Report this User

Report this user for behavior that violates our Community Guidelines.

Details: